| 000 | 00512nam a2200205Ia 4500 | ||
|---|---|---|---|
| 003 | OSt | ||
| 005 | 20251211093013.0 | ||
| 008 | 210719s1967 xx 000 0 und d | ||
| 040 | _cAL | ||
| 041 | _aeng | ||
| 082 | _a823.91 DUMP | ||
| 100 |
_aDu Maurier Daphne _9248746 |
||
| 245 | _aProgress of Julius | ||
| 260 |
_aNew York _bPocket Books _c1967 |
||
| 300 |
_a262p _bPB |
||
| 650 |
_aEnglish Fiction _9248747 |
||
| 650 |
_aEnglish Fiction _9248747 |
||
| 906 | _aJulius ; of ; Progress | ||
| 942 |
_2ddc _cBK |
||
| 999 |
_c215165 _d215165 |
||